000 00339nam a22001217a 4500
008 241024b |||||||| |||| 00| 0 eng d
082 _a920 MIY
100 _aMiyazawa, Z. Yasuo
245 _aMy Life :
_bThe kanagawa Shinbun 2018
260 _aJapan :
_bThe Kanagawa Sinbun Newspaper,
_c2018.
300 _ap. 128;
_c29.6 Cm.
942 _2ddc
999 _c10071
_d10072